Le Guide des égarés (Record no. 158521)
[ view plain ]
| 000 -LEADER | |
|---|---|
| campo de control de longitud fija | 00824nam a22001935i 4500 |
| 001 - NÚMERO DE CONTROL | |
| campo de control | 158521 |
| 003 - IDENTIFICADOR DE NÚMERO DE CONTROL | |
| campo de control | ES-MaACL |
| 005 - FECHA Y HORA DE LA ÚLTIMA TRANSACCIÓN | |
| campo de control | 20230906211200.0 |
| 008 - DATOS DE LONGITUD FIJA--INFORMACIÓN GENERAL | |
| campo de control de longitud fija | 990121s18561861fr |||| | fre d |
| 040 ## - FUENTE DE CATALOGACIÓN | |
| Centro catalogador/agencia de origen | AN |
| Lengua de catalogación | spa |
| Centro/agencia transcriptor | AN |
| 100 0# - ENTRADA PRINCIPAL--NOMBRE DE PERSONA | |
| Nombre de persona | Maimónides. |
| 9 (RLIN) | 75588 |
| 245 13 - MENCIÓN DEL TÍTULO | |
| Título | Le Guide des égarés |
| Resto del título | : traité de théologie et de philosophie / |
| Mención de responsabilidad, etc. | par Moïse Ben Maimoun dit Maïmonide; traduit ... par S. Munk. |
| 260 ## - PUBLICACIÓN, DISTRIBUCIÓN, ETC. | |
| Lugar de publicación, distribución, etc. | Paris : |
| Nombre del editor, distribuidor, etc. | chez A. Franck, |
| Fecha de publicación, distribución, etc. | 1856. |
| 300 ## - DESCRIPCIÓN FÍSICA | |
| Extensión | 2 v. ; |
| Dimensiones | 28 cm. |
| 546 ## - NOTA DE IDIOMA | |
| Nota de lengua/lenguaje | Texto en francés y árabe con caracteres hebreos. |
| 597 ## - NOTA DE DESCRIPCIÓN FÍSICA | |
| NOTA DE DESCRIPCIÓN FÍSICA | Antep. |
| 852 ## - LOCALIZACIÓN | |
| Ubicación | ES-MaACL |
| Número de control de estantería | C-110-12 |
| Nota libre | -- Enc. hol. |
| Encuadernación | -- Edic.: T.I fechado en 1856, t.II en 1861 y t.III en 1866 -- Imp. de t.I es Imprimerie de Guiraudet et Jouaust, del t.II Imprimerie de Ch. Jouaust, y t.III Imprimerie de Jouaust |
| Estatus retirado | Estado de pérdida | Estado de daño | No para préstamo | Colección | Biblioteca de origen | Biblioteca actual | Ubicación en estantería | Fecha de adquisición | Total de préstamos | Signatura topográfica completa | Código de barras | Visto por última vez | Precio de reemplazo | Tipo de ítem Koha |
|---|---|---|---|---|---|---|---|---|---|---|---|---|---|---|
| Libros del s. XIX | Biblioteca del Ateneo de Madrid | Biblioteca del Ateneo de Madrid | Sala Palomar | 17/01/2008 | C-110-12 | 1165919 | 23/02/2023 | 23/02/2023 | Libro impreso antiguo |
